MyGZULibrary

First aid manual / (Record no. 5231)

MARC details
000 -LEADER
fixed length control field 02106cam a22004214a 4500
001 - CONTROL NUMBER
control field 12215161
003 - CONTROL NUMBER IDENTIFIER
control field GZU
005 - DATE AND TIME OF LATEST TRANSACTION
control field 20210330112542.0
008 - FIXED-LENGTH DATA ELEMENTS--GENERAL INFORMATION
fixed length control field 001030s2001 nyua f 001 0 eng
010 ## - LIBRARY OF CONGRESS CONTROL NUMBER
LC control number 00053103
020 ## - INTERNATIONAL STANDARD BOOK NUMBER
International Standard Book Number 0751303992 (alk. paper)
040 ## - CATALOGING SOURCE
Original cataloging agency DLC
Transcribing agency DLC
Modifying agency DLC
042 ## - AUTHENTICATION CODE
Authentication code pcc
050 00 - LIBRARY OF CONGRESS CALL NUMBER
Classification number RC86.8
Item number .FIR 1997
245 00 - TITLE STATEMENT
Title First aid manual /
Statement of responsibility, etc. Authorised Manual of St John Ambulance, edited by Michael Webb, Roy Scott and Peter Beale
246 14 - VARYING FORM OF TITLE
Title proper/short title American College of Emergency Physicians first aid manual
246 18 - VARYING FORM OF TITLE
Title proper/short title ACEP first aid manual
260 ## - PUBLICATION, DISTRIBUTION, ETC.
Place of publication, distribution, etc. New York, N.Y. :
Name of publisher, distributor, etc. Dorling Kindersley,
Date of publication, distribution, etc. c1997.
300 ## - PHYSICAL DESCRIPTION
Extent 288 p. :
Other physical details ill. ;
Dimensions 21 cm.
500 ## - GENERAL NOTE
General note "Authors, St. John Ambulance Association and Brigade, Dr. Michael Webb ... St. Andrew's Ambulance Association, Sir Michael Bond ... British Red Cross, Sir Peter Beale ..."--Acknowledgments p.
500 ## - GENERAL NOTE
General note "A comprehensive guide to treating emergency victims of all ages in any situation"-- Cover p. 1.
500 ## - GENERAL NOTE
General note "The official, authorized manual of the American College of Emergency Physicians"--T.p. verso.
500 ## - GENERAL NOTE
General note Includes index.
650 #0 - SUBJECT ADDED ENTRY--TOPICAL TERM
Topical term or geographic name entry element First aid in illness and injury
Form subdivision Handbooks, manuals, etc.
700 1# - ADDED ENTRY--PERSONAL NAME
Personal name Krohmer, Jon R.
700 1# - ADDED ENTRY--PERSONAL NAME
Personal name Webb, Michael,
Dates associated with a name 1934 October 10-
700 1# - ADDED ENTRY--PERSONAL NAME
Personal name Bond, Michael R.
700 1# - ADDED ENTRY--PERSONAL NAME
Personal name Beale, Peter,
Dates associated with a name 1934-
710 2# - ADDED ENTRY--CORPORATE NAME
Corporate name or jurisdiction name as entry element American College of Emergency Physicians.
710 2# - ADDED ENTRY--CORPORATE NAME
Corporate name or jurisdiction name as entry element St. John Ambulance Association.
710 2# - ADDED ENTRY--CORPORATE NAME
Corporate name or jurisdiction name as entry element St. Andrew's Ambulance Association.
710 2# - ADDED ENTRY--CORPORATE NAME
Corporate name or jurisdiction name as entry element British Red Cross Society.
856 42 - ELECTRONIC LOCATION AND ACCESS
Materials specified Publisher description
Uniform Resource Identifier <a href="http://www.loc.gov/catdir/enhancements/fy0721/00053103-d.html">http://www.loc.gov/catdir/enhancements/fy0721/00053103-d.html</a>
856 42 - ELECTRONIC LOCATION AND ACCESS
Materials specified Contributor biographical information
Uniform Resource Identifier <a href="http://www.loc.gov/catdir/enhancements/fy0721/00053103-b.html">http://www.loc.gov/catdir/enhancements/fy0721/00053103-b.html</a>
906 ## - LOCAL DATA ELEMENT F, LDF (RLIN)
a 7
b cbc
c orignew
d 1
e ocip
f 20
g y-gencatlg
942 ## - ADDED ENTRY ELEMENTS (KOHA)
Source of classification or shelving scheme Library of Congress Classification
Koha item type Books
Classification part 86.8
Item part FIR
Call number prefix RC
Holdings
Withdrawn status Lost status Source of classification or shelving scheme Damaged status Not for loan Collection code Home library Current library Shelving location Date acquired Inventory number Total Checkouts Full call number Barcode Date last seen Copy number Price effective from Koha item type Public note Date last checked out
    Library of Congress Classification     Non-fiction City Campus Library City Campus Library General Stacks 03/30/2021 2001/237   RC86.8 FIR 1997 G20630 03/30/2021 c. 1 03/30/2021 Books    
    Library of Congress Classification     Non-fiction City Campus Library City Campus Library General Stacks 03/30/2021 2001/238   RC86.8 FIR 1997 G20605 03/30/2021 c. 2 03/30/2021 Books    
    Library of Congress Classification     Non-fiction City Campus Library City Campus Library General Stacks 03/30/2021 2001/245   RC86.8 FIR 1997 G20610 03/30/2021 c. 3 03/30/2021 Books Fully Revised and Updated 7th ed.  
    Library of Congress Classification     Non-fiction City Campus Library City Campus Library General Stacks 04/26/2021 2001/239 1 RC86.8 FIR 1997 G20617 06/18/2022 c. 4 04/26/2021 Books   06/04/2022